| 000 | 01305njm a22002897a 4500 | ||
|---|---|---|---|
| 005 | 20100922114049.0 | ||
| 006 | a|||||r|||||00| 0 | ||
| 007 | sd ammalaaahaa | ||
| 008 | 100922t xxu||||| |||| 00| 0 pun d | ||
| 028 |
_aN,94104 _bHis Master's Voice |
||
| 035 | _aGR-00563 | ||
| 040 |
_aSED _cSED |
||
| 100 |
_aਸੁਰਿੰਦਰ ਕੋਰ _921104 |
||
| 245 |
_a ਓਡ਼ਲੀ ਨੀ ਓਡ਼ੀ ਤੂ ਅਡ਼ੀ / _cਸੁਰਿੰਦਰ ਕੋਰ ਤੇ ਸੁਰੇੰਦਰ ਕੋਹਲੀ _hMedium [Sound recording] |
||
| 246 | _aUdli ne udi tu adi ( Surinder kaur & Surinder kohli ) | ||
| 260 |
_aDum Dum, India _bHis Master's Voice _cn.d. |
||
| 300 |
_a1 Sound disc [Gramophon Recording] _banalog,33 1/3 rpm _c9.5 in. (MP) _fGramophon Record |
||
| 500 | _aBrief record | ||
| 500 | _aRecord labels : His Master's Voice, Red | ||
| 505 | _aSide-2ਚਤੁਰਛ ਮਰਜਾਂ ਸੀ ਜੋ ਮੇਰੀ ਕਤਨ ਲਗੀ (Chaturanch Marja See jo meri katan lagi ) (Prakash kaur ) | ||
| 600 | _921105 | ||
| 650 |
_aPunjabi Songs _xExcerpts _zIndia _921106 |
||
| 700 |
_921272 _aਸੁਰਿੰਦਰ ਕੋਹਲੀ |
||
| 700 |
_aਗਿਆਨ ਚੰਦ ਧਵਨ _921416 |
||
| 942 |
_2ddc _cGR |
||
| 999 |
_c47685 _d47685 |
||